| 000 | 02521cam a2200589 a 4500 | ||
|---|---|---|---|
| 001 | 21343 | ||
| 003 | VRT | ||
| 005 | 20260227143549.0 | ||
| 006 | m j i | ||
| 008 | 151112s2008 xo a j 001 0 slo | ||
| 015 | _aSNBA2008/10-04689 | ||
| 020 |
_a9788055116860 _q(viaz.) |
||
| 035 | _aFA4AB6EB-1B88-4666-A14E-D94CF53E19AF | ||
| 035 | _aurn:nbn:sk:snk-amjvom | ||
| 035 | _aurn:nbn:sk:snk-am0081jy | ||
| 039 | 9 |
_a202512191125 _bcsnk01 _c202512181233 _dcsnk01 _c202512181233 _dcsnk01 _c202512181232 _dcsnk01 |
|
| 040 |
_aSNK _bslo _cSNK _eAACR2 |
||
| 041 | 1 |
_aslo _heng |
|
| 044 |
_axo _cSK |
||
| 072 | 7 |
_a56 _xPaleontológia _2konspekt |
|
| 072 | 7 |
_a821-93 _xLiteratúra pre deti a mládež _2konspekt |
|
| 080 |
_a568.19 _22001 |
||
| 080 |
_a(0.053.2) _22001 |
||
| 080 |
_a56:574 _22001 |
||
| 080 |
_a(084.42) _22001 |
||
| 100 | 1 |
_aMalam, John, _d1957- _4aut |
|
| 240 | 1 | 0 |
_aDinosaur atlas _lSlovensky |
| 245 | 1 | 0 |
_aAtlas dinosaurov _b[úžasná cesta strateným svetom : interaktívny CD-ROM s dinosaurami] _cautori John Malam a John Woodward ; poradca Michael Benton ; [z anglického originálu preložil Martin Sabol] |
| 260 |
_aBratislava _bIkar _c2008 |
||
| 300 |
_a96 s., [6] l. obr. príl. _bfareb. ilustr., mp. _c30 cm _e1 CD-ROM |
||
| 500 | _aObr. príl. na priesvitných fóliach | ||
| 504 | _aObsahuje register a terminologický slovník | ||
| 650 | 0 | 7 |
_adinosaury _2SNKPH |
| 650 | 0 | 7 |
_apaleoekológia _2SNKPH |
| 650 | 0 | 7 |
_aDinosaurs _2SNKPHeng |
| 650 | 0 | 7 |
_aPaleoecology _2SNKPHeng |
| 655 | 7 |
_aatlasy _2SNKPH |
|
| 655 | 7 |
_apublikácie pre mládež _2SNKPH |
|
| 655 | 7 |
_aJuvenile literature _2SNKPHeng |
|
| 655 | 7 |
_aAtlases _2SNKPHeng |
|
| 700 | 1 |
_aWoodward, John, _d1954- _4aut |
|
| 700 | 1 |
_aBenton, Michael J., _d1956- _4oth |
|
| 700 | 1 |
_aSabol, Martin, _d1973- _4trl |
|
| 942 |
_2ddc _cOLDE _n0 |
||
| 949 |
_6270001000318411 _91 voľ. príl.-CD _asvkbbC 50944 _bsvkbbm 690102* _oTL; |
||
| 949 |
_617A0598448 _asnkSB 76635 _bsnk2008/16924 _o1291/08 _qPríloha: 1 CD-ROM _rPríloha: 1 CD-ROM _s6100:20140925 |
||
| 949 |
_617A0598382 _asnkSB 76635 D1 _bsnk2008/16925 _o1291/08 _qPríloha: 1 CD-ROM _rPríloha: 1 CD-ROM |
||
| 949 |
_617A0598449 _asnkSB 76635/príl. _bsnk2008/16924 _pPríloha _qPríloha: 1 CD-ROM _rPríloha: 1 CD-ROM |
||
| 949 |
_617A0598383 _asnkSB 76635/príl. D1 _bsnk2008/16925 _pPríloha _qPríloha: 1 CD-ROM _rPríloha: 1 CD-ROM |
||
| 949 |
_62889139047 _asavukV 48576 _bsavuk2008/2895 _qSkontrolovať vrátenie 1 CD-ROM _rObsahuje 1 CD-ROM |
||
| 999 |
_c21343 _d21343 |
||